Online
Catalog

Nicolás Copérnico : (Record no. 11249)

MARC details
000 -CABECERA
campo de control de longitud fija 01480nam a2200361 a 4500
001 - NÚMERO DE CONTROL
campo de control 000011554
005 - FECHA Y HORA DE LA ÚLTIMA TRANSACCIÓN
campo de control 20200929162505.0
008 - DATOS DE LONGITUD FIJA--INFORMACIÓN GENERAL
campo de control de longitud fija 091020s1973 ag ac r 000 0bspa
040 ## - FUENTE DE LA CATALOGACIÓN
Centro catalogador/agencia de origen DO-SdBNP
Lengua de catalogación spa
Centro/agencia transcriptor BNPHU
041 17 - CÓDIGO DE LENGUA
Código de lengua del texto/banda sonora o título independiente spa
Código de lengua original pol
Fuente del código Código de idioma MARC
082 ## - NÚMERO DE LA CLASIFICACIÓN DECIMAL DEWEY
Número de clasificación 925.25
Número de documento/Ítem B588N
100 1# - ENTRADA PRINCIPAL--NOMBRE DE PERSONA
Nombre de persona Bienkowska, Bárbara,
9 (RLIN) 27351
240 10 - TÍTULO UNIFORME
Título uniforme Mikolaj Kopernik. W piecsetlecie urodzin, 1473-1973,
Lenguaje de la obra spa
245 10 - MENCIÓN DE TÍTULO
Título Nicolás Copérnico :
Resto del título en el quinto centenario de su nacimiento, 1473-1973 /
Mención de responsabilidad, etc. Stanislaw Herbst ...[et. al.] ; traductor, Estanislao J. Zembrzuski ; prólogo, José Babini.
260 ## - PUBLICACIÓN, DISTRIBUCIÓN, ETC.
Lugar de publicación, distribución, etc. Buenos Aires, Argentina :
Nombre del editor, distribuidor, etc. Siglo Ventiuno,
Fecha de publicación, distribución, etc. 1973.
300 ## - DESCRIPCIÓN FÍSICA
Extensión 189 p. :
Otras características físicas il. ;
Dimensiones 23 cm.
500 ## - NOTA GENERAL
Nota general Incluye notas al pie de las páginas.
534 ## - NOTA SOBRE LA VERSIÓN ORIGINAL
Frase introductoria Título original en polaco:
Mención de título del original Mikolaj Kopernik. W piecsetlecie urodzin, 1473-1973.
600 14 - PUNTO DE ACCESO ADICIONAL DE MATERIA--NOMBRE DE PERSONA
Nombre de persona COPÉRNICO, NICOLÁS,
Fechas asociadas al nombre 1473-1543
Subdivisión general BIOAGRAFÍAS
9 (RLIN) 27352
650 #4 - PUNTO DE ACCESO ADICIONAL DE MATERIA--TÉRMINO DE MATERIA
Término de materia o nombre geográfico como elemento de entrada Astrónomos
9 (RLIN) 27353
650 #4 - PUNTO DE ACCESO ADICIONAL DE MATERIA--TÉRMINO DE MATERIA
Término de materia o nombre geográfico como elemento de entrada Científicos de la medicina
9 (RLIN) 27354
650 #4 - PUNTO DE ACCESO ADICIONAL DE MATERIA--TÉRMINO DE MATERIA
Término de materia o nombre geográfico como elemento de entrada Filósofos polaco
Subdivisión general Bioagrafías
9 (RLIN) 27355
700 1# - PUNTO DE ACCESO ADICIONAL--NOMBRE DE PERSONA
Nombre de persona Herbst, Stanislaw
9 (RLIN) 27356
700 1# - PUNTO DE ACCESO ADICIONAL--NOMBRE DE PERSONA
Nombre de persona Dobrzycky, Jerzy
9 (RLIN) 27357
700 1# - PUNTO DE ACCESO ADICIONAL--NOMBRE DE PERSONA
Nombre de persona Birkenmajer, Aleksander
9 (RLIN) 27358
700 1# - PUNTO DE ACCESO ADICIONAL--NOMBRE DE PERSONA
Nombre de persona Zonn, Wlodzimierz
9 (RLIN) 27359
700 1# - PUNTO DE ACCESO ADICIONAL--NOMBRE DE PERSONA
Nombre de persona Infeld, Leopold
9 (RLIN) 27360
700 1# - PUNTO DE ACCESO ADICIONAL--NOMBRE DE PERSONA
Nombre de persona Voise, Waldemar
9 (RLIN) 27361
700 1# - PUNTO DE ACCESO ADICIONAL--NOMBRE DE PERSONA
Nombre de persona Suchodolski, Bogdan
9 (RLIN) 27362
700 1# - PUNTO DE ACCESO ADICIONAL--NOMBRE DE PERSONA
Nombre de persona Lipinski, Edward
9 (RLIN) 27363
700 1# - PUNTO DE ACCESO ADICIONAL--NOMBRE DE PERSONA
Nombre de persona Bienkowska, Barbara
9 (RLIN) 27364
700 1# - PUNTO DE ACCESO ADICIONAL--NOMBRE DE PERSONA
Nombre de persona Zembzuski, Estanislao J.
Término indicativo de función/relación Pról.
9 (RLIN) 27365
Holdings
Estado de retiro Estado de pérdida Restricciones de uso No para préstamo Código de colección Localización permanente Ubicación/localización actual Ubicación en estantería Fecha de adquisición Número de inventario Total de préstamos Signatura topográfica completa Código de barras Fecha visto por última vez Precio válido a partir de Tipo de ítem Koha
    Préstamo interno   Monografías: Libros y Folletos General General En catalogación 20.10.2009 LF1   925.25 B588N 11554-10 25.06.2020 25.06.2020 Préstamo interno

Powered by Koha